| 000 | 00705nam a2200217 i 4500 | ||
|---|---|---|---|
| 001 | 130242 | ||
| 003 | ES-MaACL | ||
| 005 | 20250812223806.0 | ||
| 007 | t| | ||
| 008 | 070724s1926 sp a |||| |dspa d | ||
| 100 | 1 |
_aZabala y Lera, Pío, _d1879-1968 _9117794 |
|
| 245 | 1 | 0 |
_aEspaña bajo los Borbones / _cPío Zabala y Lera. |
| 260 |
_aBarcelona : _bLabor, _c1926. |
||
| 300 |
_a420 p. : _bil. ; _c18 cm. |
||
| 490 | 1 | _aLabor. Sección VI. Ciencias Históricas | |
| 597 | _aEjemp. sin port. | ||
| 651 | 4 |
_aEspaña- _xHistoria- _y1700-, Casa de Borbón. _9139051 |
|
| 830 | 0 | 0 |
_aColección Labor. _pCiencias históricas _9219013 |
| 852 |
_aES-MaACL _jC-56403 |
||
| 999 |
_c130242 _d130242 |
||